عرض عادي
عرض مارك
- القانون الدولي الاقتصادي
مدخل مصطلح موضوعي
001 - رقم الضبط
- حقل الضبط: 34635
003 - معرف رقم الضبط
- حقل الضبط: OSt
005 - تاريخ ووقت أخر عملية
- حقل الضبط: 20130318085155.0
008 - عناصر بيانات ثابتة الطول
- حقل تحكم ثابت الطول: 130318|||a|||||| | ||| d
040 ## - مصدر الفهرسة
- هيئة الفهرسة الأصلية: OSt
- وكالة الكتابة: OSt
150 ## - مدخل-- مصطلح تاريخي
- عنصر مدخل المصطلح الموضوعي او الاسم الجغرافي: القانون الدولي الاقتصادي
670 ## - بيانات المصدر موجوده
- الاستشهاد بالمصدر: Work cat.: (OSt): المالكي، هادي نعيم 14564, شرط الدولة الاكثر رعاية /, 2011
